000 00404 a2200169 4500
001 168926
020 _a85-322-4324-X
040 _cMagnum
100 _aGoes, Ana Cláudia Davoglio
240 1 0 _aA journey through the history of brazil
_lING
245 1 0 _aA journey through the history of brazil
300 _a44
362 0 _a1999
440 1 _aFTD
697 _aLITERATURA INGLESA
942 _cBK
999 _c168926
_d168926